000 00570nam a2200169Ia 4500
003 IN-BaIIA
008 211028s9999 xx s 000 0 eng d
020 _a9780819455260 (Print)
040 _cIIA Library
100 _aArmitage, John, ed.
_93819
245 0 _aPhotonics North 2004: Optical Components and Devices
_h[eBook]
260 _aWashington, USA
_bSPIE
_c2004
300 _aOnline resource
490 _aProceedings of SPIE; V. 5577
856 _uhttps://www.spiedigitallibrary.org/conference-proceedings-of-spie/5577
_yClick Here to Access eBook
942 _cEB
999 _c31020
_d31020